Computational fluid dynamics (Record no. 2125)

000 -LEADER
fixed length control field 00621nam a2200217 a 4500
001 - CONTROL NUMBER
control field 2125
003 - CONTROL NUMBER IDENTIFIER
control field BD-DhUET
008 - FIXED-LENGTH DATA ELEMENTS--GENERAL INFORMATION
fixed length control field 940517s1995 nyua b 001 0 eng
020 ## - INTERNATIONAL STANDARD BOOK NUMBER
International Standard Book Number 0071132104
040 ## - CATALOGING SOURCE
Original cataloging agency DLC
Transcribing agency DLC
Modifying agency BD-DhUET
082 00 - DEWEY DECIMAL CLASSIFICATION NUMBER
Classification number 532.050285
Item number AND/1995
100 ## - MAIN ENTRY--PERSONAL NAME
Personal name Anderson, John D.
245 10 - TITLE STATEMENT
Title Computational fluid dynamics
Remainder of title the basics with applications
250 ## - EDITION STATEMENT
Edition statement 1st ed.
260 ## - PUBLICATION, DISTRIBUTION, ETC. (IMPRINT)
Place of publication, distribution, etc. New York
Name of publisher, distributor, etc. McGraw-Hill
Date of publication, distribution, etc. 1995
300 ## - PHYSICAL DESCRIPTION
Extent xxiv, 547 p.
490 1# - SERIES STATEMENT
Series statement McGraw-Hill series in mechanical engineering
504 ## - BIBLIOGRAPHY, ETC. NOTE
Bibliography, etc Includes bibliographies
650 #0 - SUBJECT ADDED ENTRY--TOPICAL TERM
Topical term or geographic name as entry element Fluid dynamics-Data processing
942 ## - ADDED ENTRY ELEMENTS (KOHA)
Koha item type General Book
Holdings
Koha item type Sublocation or collection (holding branch) Koha date last seen Withdrawn status Date acquired Copy number Koha out on loan Not for loan Koha full call number Piece designation (barcode) Shelving location Koha date last borrowed Damaged status Location (home branch) Price effective from Source of classification or shelving scheme Lost status Koha issues (times borrowed) Koha normalized classification for sorting
General BookCentral Library, BUET2018-02-28 2014-09-2012019-02-28 532.050285/AND/1995103357Circulation section2018-02-28 Central Library, BUET2014-09-20  1532_000000000000000_050285AND1
General BookCentral Library, BUET2023-08-26 2014-09-202  532.050285/AND/1995103359Circulation section2023-08-12 Central Library, BUET2014-09-20  3532_000000000000000_050285AND1
General BookCentral Library, BUET2015-07-29 2015-02-043  532.050285/AND/1995103361Circulation section2015-03-23 Central Library, BUET2015-02-04  6532_050285000000000_AND_1995
Reading ItemCentral Library, BUET2015-06-08 2015-06-084  532.050285/AND/199595199Reading section  Central Library, BUET2015-06-08   532_050285000000000_AND_1995
General BookCentral Library, BUET2019-06-16 2016-09-2552020-06-15 532.050285/AND/1995114592Circulation section2019-06-16 Central Library, BUET2016-09-25  1532_050285000000000_AND_1995
General BookCentral Library, BUET2016-09-25 2016-09-252  532.050285/AND/1995114593Circulation section  Central Library, BUET2016-09-25   532_050285000000000_AND_1995
General BookCentral Library, BUET2017-10-31 2007-05-076  532.050285/AND/1995103360Circulation section  Central Library, BUET2017-10-31   532_050285000000000_AND_1995